| 000 | 00987nam a2200217Ia 4500 | ||
|---|---|---|---|
| 003 | GCL | ||
| 008 | 140319s9999 xx 000 0 ara d | ||
| 040 |
_aGCL / _cGCL |
||
| 082 | 0 | 4 |
_a962.43 _bف ج |
| 100 | 1 | _aفيصل عبدالرحمن على طه | |
| 245 | 1 | 0 |
_aالحركة السياسية السودانية و الصراع المصرى البريطانى بشان السودان ( 1936-1953 ) / _cفيصل عبدالرحمن على طه |
| 250 | _aالثانية | ||
| 260 |
_aالسودان : _bمركز عبدالكريم ميرغنى الثقافى ، _c2004 |
||
| 300 |
_a724 ص ؛ _c24 سم |
||
| 650 | 0 | 4 | _aالسودان - العلاقات الخارجية |
| 650 | 0 | 4 | _aالسودان - الاحوال السياسية |
| 650 | 0 | 4 | _aالسودان - المعاهدات |
| 650 | 0 | 4 | _aالسودان - الاحزاب السياسية |
| 650 | 0 | 4 | _aالسودان - تاريخ - العصر الحديث - الحكم المصرى البريطانى |
| 942 |
_2ddc _cBK |
||
| 999 |
_c7124 _d7124 |
||